[Event "Le Touquet op 22nd B"]
[Site "Le Touquet"]
[Date "2007.11.02"]
[Round "9.6"]
[White "Bellemere, David"]
[Black "Dumas, Victor"]
[Result "1/2-1/2"]
[WhiteElo "1820"]
[BlackElo "1662"]
[PlyCount "45"]
[EventDate "2007.10.27"]
[EventType "swiss"]
[EventRounds "9"]
[EventCountry "FRA"]
[SourceTitle "EXT 2024"]
[Source "ChessBase"]
[SourceDate "2023.10.10"]
[SourceVersion "1"]
[SourceVersionDate "2023.10.10"]
[SourceQuality "1"]

1. e4 e5 2. Nc3 Nc6 3. Bc4 f5 4. exf5 Nf6 5. d3 Bb4 6. Bd2 Bxc3 7. Bxc3 d5 8. Bb5 d4 9. Bxc6+ bxc6 10. Bd2 Bxf5 11. Nf3 Qd6 12. 0-0 0-0 13. Nh4 Nd5 14. Nxf5 Rxf5 15. a3 Raf8 16. Qe2 Kh8 17. Rae1 Nf4 18. Bxf4 exf4 19. Qe6 Qc5 20. b4 Qd5 21. Qe4 c5 22. Qe7 cxb4 23. Qxb4 1/2-1/2

[Event "Le Touquet op 22nd B"]
[Site "Le Touquet"]
[Date "2007.10.30"]
[Round "5.10"]
[White "Bellemere, David"]
[Black "Rigolot, Lucie"]
[Result "0-1"]
[WhiteElo "1820"]
[BlackElo "1671"]
[PlyCount "76"]
[EventDate "2007.10.27"]
[EventType "swiss"]
[EventRounds "9"]
[EventCountry "FRA"]
[SourceTitle "EXT 2024"]
[Source "ChessBase"]
[SourceDate "2023.10.10"]
[SourceVersion "1"]
[SourceVersionDate "2023.10.10"]
[SourceQuality "1"]

1. e4 c5 2. c3 Nf6 3. e5 Nd5 4. d4 d6 5. exd6 Qxd6 6. dxc5 Qxc5 7. Nf3 e6 8. c4 Nf6 9. Qd4 Qa5+ 10. Bd2 Bb4 11. Bxb4 Qxb4+ 12. Qc3 Qb6 13. Bd3 0-0 14. 0-0 Nc6 15. Nbd2 Re8 16. Ne4 Nxe4 17. Bxe4 h6 18. Rad1 Qc7 19. Bb1 e5 20. Rfe1 Bg4 21. h3 Bxf3 22. Qxf3 Nd4 23. Qc3 Rad8 24. Kh1 Qc5 25. b4 Qc7 26. f4 Nc6 27. Rxd8 Rxd8 28. fxe5 Nd4 29. a4 b5 30. axb5 Nxb5 31. Qc2 Nd4 32. Qh7+ Kf8 33. Qh8+ Ke7 34. Qxg7 Qxc4 35. Qf6+ Ke8 36. Rf1 Qe6 37. Qxe6+ Nxe6 38. Rf6 Rd1+ 0-1

[Event "Le Touquet op-B 19th"]
[Site "Le Touquet"]
[Date "2004.10.28"]
[Round "1"]
[White "Klipper, Myriam"]
[Black "Bellemere, David"]
[Result "1-0"]
[WhiteElo "1570"]
[BlackElo "1770"]
[PlyCount "69"]
[EventDate "2004.10.25"]
[EventType "swiss"]
[EventRounds "9"]
[EventCountry "FRA"]
[SourceTitle "EXT 2006"]
[Source "ChessBase"]
[SourceDate "2005.11.24"]
[SourceVersion "1"]
[SourceVersionDate "2005.11.24"]
[SourceQuality "1"]

1. e4 d6 2. d4 Nf6 3. Nc3 g6 4. Bc4 Bg7 5. Nf3 0-0 6. 0-0 c6 7. Bf4 b5 8. Bd3 Nh5 9. Be3 Re8 10. d5 b4 11. Ne2 cxd5 12. Bb5 Nd7 13. Bc6 dxe4 14. Bxe4 Rb8 15. Bxa7 Rb5 16. Ned4 Bxd4 17. Qxd4 Qc7 18. Qd3 Qxa7 19. Qxb5 Ba6 20. Qa5 Nc5 21. Bc6 Rb8 22. Nd4 Rb6 23. Rfd1 Qb8 24. Ba4 Nf6 25. Nc6 Qb7 26. Nxe7+ Kf8 27. Bc6 Rxc6 28. Nxc6 Qxc6 29. f3 Ne6 30. Qxb4 Be2 31. Qxd6+ Qxd6 32. Rxd6 Ke7 33. Rd2 Ng5 34. Kf2 Bc4 35. Rd4 1-0